| 000 | 00424nam a2200145Ia 4500 | ||
|---|---|---|---|
| 008 | 231129s2002||||xx |||||||||||||| ||spa|| | ||
| 020 | _a987-9208-27-7 (obra | ||
| 040 | _bspa | ||
| 082 | _aR 371.9144 N238t | ||
| 100 | _aNarvarte Mariana E. | ||
| 245 | 0 | _aTrastornos escolares: detección - diagnóstico y tratamiento | |
| 260 | _c2002 | ||
| 264 | _aLandeira Ediciones | ||
| 942 |
_2ddc _cBKS |
||
| 999 |
_c25589 _d25589 |
||